000 01675cam a2200337 a 4500
001 3330
003 FISKH
005 20240228153720.0
008 101028s2011 maua d 000 1 eng
010 _a 2010040742
020 _a9780763648435
020 _a9780545741064
040 _aDLC
_cDLC
_dDLC
_beng
042 _alcac
_apcc
050 0 0 _aPZ5
_b.S798 2011
082 0 0 _a[Fic]
_222
100 _aLink, Kelly
245 0 0 _aSteampunk! :
_ban anthology of fantastically rich and strange stories /
_cedited by Kelly Link and Gavin J. Grant.
260 _aNew York :
_bScholastic,
_c2011.
300 _a420 pages :
_billustrations ;
_c23 cm
505 0 _aSome fortunate future day / Cassandra Clare -- The last ride of the Glory Girls / Libba Bray -- Clockwork Fagin / Cory Doctorow -- Seven days beset by demons / Shawn Cheng -- Hand in glove / Ysabeau S. Wilce -- The ghost of Cwmlech Manor / Delia Sherman -- Gethsemane / Elizabeth Knox -- The summer people / Kelly Link -- Peace in our time / Garth Nix -- Nowhere fast / Christopher Rowe -- Finishing school / Kathleen Jennings -- Steam girl / Dylan Horrocks -- Everything amiable and obliging / Holly Black -- The oracle engine / M.T. Anderson.
520 _aA collection of fourteen fantasy stories by well-known authors, set in the age of steam engines and featuring automatons, clockworks, calculating machines, and other marvels that never existed.
650 0 _aFantasy.
650 0 _aYoung adult fiction.
650 1 _aFantasy.
650 1 _aShort stories.
700 1 _aGrant, Gavin J.
_eAuthor
906 _a7
_bcbc
_corignew
_d1
_eecip
_f20
_gy-gencatlg
942 _2ddc
_cBK
_n0
999 _c3330
_d3330